Oceanic Mythology. The myths of Polynesia, Micronesia, Melanesia, Australia
Պահպանված է:
| Հիմնական հեղինակ: | |
|---|---|
| Ձևաչափ: | Գիրք |
| Լեզու: | անգլերեն |
| Հրապարակվել է: |
Londres
The Hamlyn Publishing
1967
|
| Հրատարակություն: | 1a. ed |
| Խորագրեր: | |
| Ցուցիչներ: |
Ավելացրեք ցուցիչ
Չկան պիտակներ, Եղեք առաջինը, ով նշում է այս գրառումը!
|
MARC
| LEADER | 00000nam a2200000 a 4500 | ||
|---|---|---|---|
| 001 | UCJ6421 | ||
| 003 | CL-VaPUC | ||
| 008 | 070124e19670000UK |||||||||||||||||eng|d | ||
| 082 | 0 | 4 | |a 299 |b POI |2 21 |
| 100 | 0 | |a Poignant, Roslyn |e author |9 513052 | |
| 245 | 1 | 0 | |a Oceanic Mythology. The myths of Polynesia, Micronesia, Melanesia, Australia |
| 250 | |a 1a. ed | ||
| 300 | |a 141 p | ||
| 942 | |c BK | ||
| 945 | |d 20070124 00:00:00 |a rinostro | ||
| 260 | |a Londres |b The Hamlyn Publishing |c 1967 | ||
| 500 | |a Indizadas sólo las láminas en color | ||
| 650 | 0 | |a Mitología |9 255719 | |
| 650 | 0 | |a Etnografía |9 309735 | |
| 650 | 0 | |a Cultura |9 269059 | |
| 650 | 0 | |a Creencias |9 313510 | |
| 650 | 0 | |a Cosmogonía |9 268652 | |
| 650 | 0 | |a Ilustraciones |9 369481 | |
| 651 | 0 | |a Australia |9 262077 | |
| 651 | 7 | |a POLINESIA |2 CL-VaPUC |9 513053 | |
| 583 | |a last modification |c 20070124 00:00:00 |k Rodrigo Vera | ||
| 999 | |c 322526 |d 322524 | ||
| 952 | |0 0 |1 0 |4 0 |6 299_000000000000000_POI_1967 |7 0 |8 X |9 401534 |a FDOBUD |b FDOBUD |d 2019-11-22 |i 1047876 |o 299 POI 1967 |p 1047876 |r 2019-11-22 |w 2019-11-22 |y BK_X |k BUD | ||